00425nam a2200145Ia 4500003000400000008004100004040001600045082002700061100004700088245006400135260002800199490000500227650001900232650002800251GCL140319s9999 xx 000 0 ara d aGCL / cGCL04aكاسيتb357bف م1 aفرقة اللولؤة الكويتية10aمنوعات / cفرقة اللولؤة الكويتية a[S.N] : bلا يوجد a04aالاغانى04aشرائط كاسيت